000 00755cam a2200241 a 4500
001 000004377
005 20200929151431.0
008 840920s1971 mx 000 f spa d
040 _aDO-SdBNP
_cCarP
_dDLC
082 _a823.5
_bS977vi
100 1 _aSwift, Jonathan,
_d1667-1745
_912023
245 1 0 _aViajes de Gulliver /
_cJonathan Swift ; traducción, prólogo y notas de Monserrat Alfau.
260 _aMéxico :
_bPorrúa,
_c1971.
300 _a219 p. ;
_c22 cm.
490 1 _aSepan cuantos...
_v196
650 4 _aNovela irlandesa
_911511
650 4 _aLiteratura irlandesa
_911512
700 1 _aAlfau, Monserrat,
_etr.
_912885
830 0 _aSepan cuantos... ;
_v196
_912886
910 _aCatalogación por copia / LC
910 _aWM
049 _aBNGR
999 _c4186
_d4186